Multiple Choice City Quiz – Nashville - Statistics

General Stats
  • This quiz has been taken 9,726 times
    9,713 since last reset
  • The average score is 6 of 10
Answer Stats
Question Answer % Correct
What type of music is typically associated with Nashville? Country
91%
Which of these foods is a Nashville staple? Hot chicken
68%
What type of bar is Broadway Street famous for? Honky-tonk
67%
What was the nickname of Nashville-based singer Johnny Cash? The Man in Black
63%
Which of these universities is based in Nashville? Vanderbilt
60%
What is the name of Andrew Jackson's former home? The Hermitage
58%
What Nashville-based radio program has been on the air since 1925 – making it the longest running radio show in history? Grand Ole Opry
55%
Nashville is home to a full-scale replica of what European landmark? The Parthenon
46%
Which former Vice President owns a 10,000 square foot mansion in Nashville? Al Gore
44%
What river runs right through downtown Nashville? Cumberland
30%
No matching quizzes found
Score Distribution
Percent of People with Each Score
Percentile by Number Answered
Your Score History
You have not taken this quiz since the last reset